Vyznania kandidátov na poslancov do NR SR za HZDS v Košiciach

Podrobná bibliografia
Médium: Článok
Jazyk:Slovak
Vydané: 1994
Témy:
Zdroj: 1. Košický večer 1. Roč. 5, č. 185(1994), dát. 0927, s. 5
LEADER 00755nab#a2200301#ar4500
001 000003039
003 SVKKK
005 20030625072307.0
008 030625c1994 e sloo
FMT
038 |a SVKKK 
040 |a SVKKK  |b slo  |e AACR2 
041 0 |a slo 
080 |a 32  |2 1981 
245 0 0 |a Vyznania kandidátov na poslancov do NR SR za HZDS v Košiciach 
260 |c 1994 
650 0 4 |a Hnutie za demokratické Slovensko 
650 0 4 |a informácie 
650 0 4 |a kampaň predvolebná 
650 0 4 |a kandidáti na poslancov do NR SR 
650 0 4 |a voľby'94 
773 0 |t Košický večer  |g Roč. 5, č. 185(1994), dát. 0927, s. 5 
957 |a Košice 
974 |a Cr 
992 |a RBX 
BAS
852 |a SVKKK  |b BIB 
998 |a REG